La Conférence de la Societé des Nations a Barcelone : texte complet des conventions et recommandations adoptées précédé d'une introduction texte complet des conventions et recommandations adoptées précédé d'une introduction
Descripción Física:
71 p. ; 23 cm
Materias:
Sociedad de Naciones -- Congressos
MARC
| LEADER | 00000nam a2200000Ia 4500 | ||
|---|---|---|---|
| 001 | 10310 | ||
| 008 | 160829s1921 xx 000 0 cat d | ||
| 080 | |a M-3-62 | ||
| 245 | |a La Conférence de la Societé des Nations a Barcelone : |b texte complet des conventions et recommandations adoptées précédé d'une introduction | ||
| 260 | |a Lausanne, Genève : |b Librairie Payot, |c 1921 | ||
| 300 | |a 71 p. ; |c 23 cm | ||
| 650 | |a Sociedad de Naciones |x Congressos |9 22094 | ||
| 901 | |a Arxiu | ||
| 942 | |n 1 | ||
| 952 | |0 0 |1 0 |4 0 |6 M362 |7 1 |9 42054 |a Arxiu |b Arxiu |d 2016-12-01 |l 0 |o M-3-62 |p 10310 |r 2016-12-01 00:00:00 |w 2016-12-01 |y ARXIU | ||
| 999 | |c 44501 |d 44501 | ||